Asalto 16 confesiones de la centella negra : (Registro nro. 4388)

Detalles MARC
000 -LEADER
fixed length control field 01123nam a2200229Ia 4500
003 - CONTROL NUMBER IDENTIFIER
control field OSt
005 - DATE AND TIME OF LATEST TRANSACTION
control field 20260421151034.0
008 - FIXED-LENGTH DATA ELEMENTS--GENERAL INFORMATION
fixed length control field 191128s2009 ck ao gr 000 0bspa d
020 ## - INTERNATIONAL STANDARD BOOK NUMBER
International Standard Book Number 9789584400482
040 ## - CATALOGING SOURCE
Original cataloging agency CO-JMCR
Transcribing agency CO-JMCR
Language of cataloging spa
Modifying agency CO-JMCR
Description conventions rda
082 ## - DEWEY DECIMAL CLASSIFICATION NUMBER
Item number G633a
Classification number 364.1523
100 1# - MAIN ENTRY--PERSONAL NAME
Personal name Gómez Osorio, Miguel,
Relator term autor
9 (RLIN) 1714
245 10 - TITLE STATEMENT
Title Asalto 16 confesiones de la centella negra :
Remainder of title el encuentro Kid Pambelé /
Statement of responsibility, etc. Miguel Gómez Osorio
250 ## - EDITION STATEMENT
Edition statement Quinta edición
260 ## - PUBLICATION, DISTRIBUTION, ETC.
Place of publication, distribution, etc. Bogotá :
Name of publisher, distributor, etc. Andina,
Date of publication, distribution, etc. 2009
300 ## - PHYSICAL DESCRIPTION
Extent 163 páginas :
Other physical details fotografías ;
Dimensions 22 cm.
520 ## - SUMMARY, ETC.
Summary, etc. Por la avenida sexta de la sultana del Valle, se ubica una panadería francesa donde amasan un exquisito pan, es un recinto de tertulia, concurrido por incontables políticos de los cañaberales; allí se disertan los sucesos del diario acontecer, tanto de la gobernación como de la Alcaldía municipal; de maquiavelicas aspiraciones de nuevos grupos políticos, de la debacle de los actuales , etc.
546 ## - LANGUAGE NOTE
Language note spa
650 14 - SUBJECT ADDED ENTRY--TOPICAL TERM
Topical term or geographic name entry element Ensayos colombianos
General subdivision Boxeadores
9 (RLIN) 1715
650 24 - SUBJECT ADDED ENTRY--TOPICAL TERM
Topical term or geographic name entry element Relatos
Geographic subdivision ColombiA
9 (RLIN) 1716
942 ## - ADDED ENTRY ELEMENTS (KOHA)
Source of classification or shelving scheme Dewey Decimal Classification
Koha item type Books
Existencias
Withdrawn status Lost status Source of classification or shelving scheme Materials specified (bound volume or other part) Damaged status Not for loan Home library Current library Date acquired Source of acquisition Total Checkouts Full call number Barcode Date last seen Copy number Price effective from Koha item type
    Dewey Decimal Classification Donación--10/08/2018--     Biblioteca Pública José María del Castillo y Rada Biblioteca Pública José María del Castillo y Rada 04/21/2026 Donación   364.1523 G63a 201809243 11/28/2019 Ej.1 11/28/2019 Books